| 000 | 00865nam a2200241Ia 4500 | ||
|---|---|---|---|
| 003 | OSt | ||
| 005 | 20250125102537.0 | ||
| 008 | 210716s2010 xx 000 0 und d | ||
| 020 | _a9789350231401 | ||
| 040 | _cAIMIT LIBRARY | ||
| 041 | _aeng | ||
| 082 |
_a001.078 _21 _bORAA |
||
| 245 |
_aMaking software : _bwhat really works and why we believe it / _cEdited by Andy Oram and Greg Wilson. |
||
| 250 | _a1st ed. | ||
| 260 |
_aNew Delhi : _bShroff Publishers and Distributors Pvt Ltd , _c2010. |
||
| 300 |
_axv;602p. ; _bPB _c24 cm |
||
| 650 |
_aGeneral principles of searching for and using evidence _9195417 |
||
| 650 |
_aSpecific topics in software engineering _9195418 |
||
| 650 |
_aHow effective is test- driven development _9195419 |
||
| 700 |
_aOram, Andy., ed. _9195420 |
||
| 700 |
_aWilson, Greg., ed. _9195421 |
||
| 942 |
_2ddc _cBK _e1st _k001.078 ORAA |
||
| 999 |
_c192555 _d192555 |
||